| 000 | 00499nam a2200181 i 4500 | ||
|---|---|---|---|
| 001 | 43303 | ||
| 003 | ES-MaACL | ||
| 005 | 20230906160752.0 | ||
| 007 | t| | ||
| 008 | 030317s1888 cl ||||1| spa d | ||
| 245 | 0 | 0 | _aCatálogo del archivo de Mojos y Chiquitos. |
| 260 |
_aSantiago de Chile : _b[s.n.], _c1888 ( _fGutenberg) |
||
| 300 |
_a628 p. ; _c25 cm. |
||
| 490 | 1 | _aBiblioteca Boliviana | |
| 830 | 0 |
_aBiblioteca Boliviana _9229866 |
|
| 852 |
_aES-MaACL _jF-10648 |
||
| 999 |
_c43303 _d43303 |
||